Loading...
| History - American | 0 | 6 | 0 | 0 | 60 | 31 | 68.50 | 2 | 4 | 0.00 | 0.00 |
| Religion | 0 | 5 | 0 | 2 | 50 | 110 | 130.80 | 0 | 0 | 0.00 | 0.00 |
| History - European | 0 | 6 | 2 | 0 | 50 | 48 | 65.17 | 2 | 6 | 0.00 | 0.00 |
| History - Other | 0 | 4 | 1 | 0 | 35 | 39 | 59.75 | 2 | 4 | 0.00 | 0.00 |
| Current Events | 0 | 3 | 0 | 0 | 30 | 60 | 73.33 | 1 | 3 | 0.00 | 0.00 |
| Literature - European | 0 | 3 | 0 | 0 | 30 | 74 | 98.33 | 0 | 2 | 0.00 | 0.00 |
| Literature - World | 0 | 3 | 0 | 1 | 30 | 106 | 124.67 | 0 | 0 | 0.00 | 0.00 |
| Science - Physics | 0 | 3 | 0 | 1 | 30 | 97 | 112.33 | 0 | 0 | 0.00 | 0.00 |
| Mythology | 0 | 3 | 1 | 1 | 25 | 95 | 129.67 | 0 | 1 | 0.00 | 0.00 |
| Fine Arts - Other | 0 | 2 | 0 | 1 | 20 | 61 | 100.00 | 1 | 1 | 0.00 | 0.00 |
| Philosophy | 0 | 2 | 0 | 0 | 20 | 111 | 112.50 | 0 | 1 | 0.00 | 0.00 |
| Literature - British | 0 | 2 | 0 | 0 | 20 | 104 | 127.00 | 0 | 0 | 0.00 | 0.00 |
| Social Science | 0 | 2 | 0 | 0 | 20 | 94 | 95.00 | 0 | 1 | 0.00 | 0.00 |
| History - World | 0 | 3 | 3 | 0 | 15 | 43 | 60.67 | 1 | 3 | 0.00 | 0.00 |
| Science - Other | 0 | 2 | 1 | 0 | 15 | 74 | 94.00 | 0 | 1 | 0.00 | 0.00 |
| Fine Arts - Classical Music | 0 | 1 | 0 | 0 | 10 | 141 | 141.00 | 0 | 0 | 0.00 | 0.00 |
| Fine Arts - Painting and Sculpture | 0 | 1 | 0 | 0 | 10 | 19 | 19.00 | 1 | 1 | 0.00 | 0.00 |
| Other Academic | 0 | 1 | 0 | 0 | 10 | 102 | 102.00 | 0 | 0 | 0.00 | 0.00 |
| Pop Culture | 0 | 1 | 1 | 0 | 5 | 49 | 49.00 | 0 | 1 | 0.00 | 0.00 |
| Literature - American | 0 | 1 | 1 | 1 | 5 | 150 | 150.00 | 0 | 0 | 0.00 | 0.00 |